Mesačné modely tiažového poľa Zeme ako alternatíva globálnych hydrologických modelov

Uložené v:
Podrobná bibliografia
Hlavný autor: Sýkora, Adrián (Autor)
Ďalší autori: Novák, Adam (Vedúci práce)
Médium: Rukopis Kniha
Jazyk:Slovak
Vydavateľské údaje: 2022
Predmet:
On-line prístup:http://is.stuba.sk/zp/portal_zp.pl?podrobnosti=149262
https://opac.crzp.sk/?fn=detailBiblioForm&sid=C5B0443D08DFEDB239090949A386
Tagy: Pridať tag
Žiadne tagy, Buďte prvý, kto otaguje tento záznam!

MARC

LEADER 00000ntm a22000003a 4500
001 stuzp83956
003 SK-STU
005 20230515134633.1
007 ta
008 150427s2015----xo-----f-mn---000-0-slo-d
040 |a STU  |b slo 
041 0 |a slo 
100 1 |a Sýkora, Adrián  |u 010130  |4 aut  |U SvF Stavebná fakulta  |T SvF Katedra globálnej geodézie a geoinformatiky  |X 97710  |U V130  |Y 13  |7 97710 
242 0 1 |a Monthly models of the Earth's gravity field as possible alternative to global hydrological models  |y eng 
245 1 0 |a Mesačné modely tiažového poľa Zeme ako alternatíva globálnych hydrologických modelov 
260 |c 2022 
650 4 |a mesačné modely tiažového poľa Zeme  |2 slo 
650 4 |a družicová misia GRACE  |2 slo 
650 4 |a globálne hydrologické modely  |2 slo 
650 4 |a global hydrological models  |2 eng 
650 4 |a the GRACE satellite mission  |2 eng 
650 4 |a monthly earth gravity field solutions  |2 eng 
700 1 |a Novák, Adam  |u 010130  |k Z3  |4 ths  |U SvF Stavebná fakulta  |T SvF Katedra globálnej geodézie a geoinformatiky  |X 75895  |U V130  |Y 13  |7 75895 
856 4 |u http://is.stuba.sk/zp/portal_zp.pl?podrobnosti=149262 
856 4 |u https://opac.crzp.sk/?fn=detailBiblioForm&sid=C5B0443D08DFEDB239090949A386